| 000 | 00571nam a2200181Ia 4500 | ||
|---|---|---|---|
| 008 | 090123s9999 xx 000 0 und d | ||
| 082 |
_b34155 _a891.463/गोखले |
||
| 100 | _aगोखले पद्मजा | ||
| 245 | _aमृत्युगांठ | ||
| 250 | _a1 | ||
| 260 | _bग्रंथाली प्रकाशन | ||
| 300 | _a117 | ||
| 600 | _aगोखले पद्मजा | ||
| 630 | _aमृत्युगांठ | ||
| 700 | _aगोखले पद्मजा | ||
| 730 | _aमृत्युगांठ | ||
| 942 | _cBOOK | ||
| 999 |
_c72201 _d72201 |
||